| 000 | 00690nam a2200253Ia 4500 | ||
|---|---|---|---|
| 008 | 170203s9999 xx 000 0 und d | ||
| 020 | _a0-78684664x | ||
| 050 | _aFic | ||
| 050 | _b.M666s 2004 | ||
| 100 | _aMinsky, Terri | ||
| 245 | _aSurvival guide : | ||
| 245 | _bSchool / | ||
| 245 | _cTerri Mensky. | ||
| 260 | _aUnited States of America : | ||
| 260 | _bEgmont Books Ltd. | ||
| 260 | _c2004 | ||
| 300 | _a95 pages; | ||
| 650 | _a McGuire, Lizzie (Fictitious character) -- | ||
| 650 | _aJunior high school students -- | ||
| 650 | _aMcGuire, Lizzie (Fictitious character) -- | ||
| 650 | _x Fiction. | ||
| 650 | _xJuvenile fiction. | ||
| 650 | _xJuvenile fiction. | ||
| 999 |
_c306201 _d306201 |
||